|
|
|
|
| LEADER |
01219nta a2200253 i 4500 |
| 001 |
dokt4078 |
| 005 |
20200528121548.0 |
| 008 |
170926s2018 hu om 0|| hun d |
| 024 |
7 |
|
|a 10.14232/phd.4078
|2 doi
|
| 024 |
7 |
|
|a 3401685
|2 mtmt
|
| 040 |
|
|
|a SZTE Doktori Repozitórium
|b hun
|
| 041 |
|
|
|a hun
|
| 100 |
1 |
|
|a Baka Judith
|
| 245 |
1 |
0 |
|a Agykérgi szinapszisok összehasonlító vizsgálata és a szinapszisszám változása posztpartum depresszióban
|h [elektronikus dokumentum] /
|c Baka Judith
|
| 246 |
1 |
0 |
|a Species specific ultrastructural properties of excitatory neocortical synapses and synaptic changes in postpartum depression
|h [elektronikus dokumentum]
|
| 260 |
|
|
|c 2018-02-02
|
| 502 |
|
|
|a Disszertacio
|
| 650 |
|
4 |
|a biológiai tudományok
|
| 650 |
|
4 |
|a Biológiai tudományok
|
| 700 |
0 |
1 |
|a Hajszán Tibor
|e ths
|
| 700 |
0 |
1 |
|a Tamás Gábor
|e ths
|
| 856 |
4 |
0 |
|u https://doktori.bibl.u-szeged.hu/id/eprint/4078/19/doktori%20ertekezes_Baka%20Judith_2017.pdf
|z Dokumentum-elérés
|
| 856 |
4 |
0 |
|u https://doktori.bibl.u-szeged.hu/id/eprint/4078/3/Tezisfuzet%20magyar%20BJ%202017.pdf
|z Dokumentum-elérés
|
| 856 |
4 |
0 |
|u https://doktori.bibl.u-szeged.hu/id/eprint/4078/2/Tezisfuzet%20angol%20BJ%202017.pdf
|z Dokumentum-elérés
|